| 000 | 00448nam a2200109Ia 4500 | ||
|---|---|---|---|
| 008 | 160909s9999 xx 000 0 und d | ||
| 100 | _aStokan, Eric J. | ||
| 245 | _aThree Essays on Economic Development Incentives: Explaining the Usage, Effects, and Abandonment of Economic Development Policies | ||
| 260 |
_bThe George Washington University _c2016 |
||
| 650 | _aENTREPRENEURSHIP | ||
| 856 | _uhttp://pqdtopen.proquest.com/doc/1777348982.html?FMT=ABS | ||
| 999 |
_c304475 _d304475 |
||